| 000 | 00733cam a2200241 a 4500 | ||
|---|---|---|---|
| 001 | 000004557 | ||
| 005 | 20200929151448.0 | ||
| 008 | 810904s1990 ec 000 f spa d | ||
| 020 | _z9970800948 | ||
| 082 |
_a823.914 _bD548canc |
||
| 100 | 1 |
_aDickens, Charles, _d1812-1870 _91442 |
|
| 245 | 1 | 0 |
_aCanción de navidad / _cCharles Dickens ; introducción, y notas de Myriam Navarrete de Cuesta. |
| 260 |
_aQuito, Ecuador : _bLibresa, _c[1990]. |
||
| 300 |
_a143 p. ; _c20 cm. |
||
| 490 | 1 |
_aAnteres _v49 |
|
| 650 | 4 |
_aNovela inglesa _91071 |
|
| 650 | 4 |
_aLiteratura inglesa _9498 |
|
| 700 | 1 |
_aNavarrete de Cuesta, Myriam, _eintrod. _913309 |
|
| 830 | 0 |
_aAnteres ; _v49 _913310 |
|
| 910 | _aWM | ||
| 049 | _aBNGR | ||
| 999 |
_c4365 _d4365 |
||
| 040 | _aDO-SdBNP | ||